000
00243nam a22001097a 4500
082
_a
621.381 STE'E
100
_a
STEWART, HARRY E
_9
78881
245
_a
ENGINEERING ELECTRONICS
260
_a
BOSTON
_b
ALLYN
_c
1969
300
_a
883P
942
_c
BK
999
_c
583945
_d
583945